000 00394nam a2200145Ia 4500
008 231129s2003||||xx |||||||||||||| ||spa||
020 _a958-30-1070-7
040 _bspa
082 _a749.5 Q7m
100 _aQuintero Ovalle Zandra
245 0 _aMarcos para todo uso vistiendo la cocina
260 _c2003
264 _aPanamericana
942 _2ddc
_cBKS
999 _c20641
_d20641